| 000 | 01024nac a22003011i 4500 | ||
|---|---|---|---|
| 003 | EG-ScBUE | ||
| 005 | 20240805135958.0 | ||
| 008 | 240805s1998 enka f 001 0 eng d | ||
| 020 | _a0752221728 | ||
| 035 | _a(OCoLC)ocm39534367 | ||
| 040 |
_aEG-ScBUE _beng _erda _cEG-ScBUE _dEG-ScBUE |
||
| 043 | _ae-uk--- | ||
| 082 | 0 | 4 |
_a941.085092 _bKAY _222 |
| 100 | 1 |
_aKay, Richard, _eauthor. |
|
| 245 | 1 | 0 |
_aDiana : _bthe untold story / _cRichard Kay, Geoffrey Levy. |
| 264 | 1 |
_aLondon : _bBoxtree, _c1998. |
|
| 300 |
_a167 pages : _billustrations (some color) ; _c29 cm |
||
| 336 |
_2rdacontent _atext _btxt |
||
| 337 |
_aunmediated _2rdamedia _bn |
||
| 338 |
_avolume _bnc _2rdacarrier |
||
| 500 | _a"First published in partwork format in Great Britain in 1998 by the Daily Mail" - t.p. verso. | ||
| 504 | _aIncludes index. | ||
| 600 | 0 | 7 |
_aDiana, _d1961-1997. _2BUEsh |
| 650 | 7 |
_aPrincesses _zGreat Britain _vBiography. _2BUEsh |
|
| 655 | _vReading book | ||
| 700 | 1 |
_aLevy, Geoffrey, _eauthor. |
|
| 942 |
_cBB _2ddc |
||
| 999 |
_c9683 _d9683 |
||